Monetary economics in emerging and developing countries / (Record no. 30905)

MARC details
000 -LEADER
fixed length control field 03883cam a22003858i 4500
001 - CONTROL NUMBER
control field 23810176
003 - CONTROL NUMBER IDENTIFIER
control field EG-ScBUE
005 - DATE AND TIME OF LATEST TRANSACTION
control field 20250223094320.0
008 - FIXED-LENGTH DATA ELEMENTS--GENERAL INFORMATION
fixed length control field 240803s2025 enk f b 001 0 eng d
020 ## - INTERNATIONAL STANDARD BOOK NUMBER
International Standard Book Number 9781032824161
040 ## - CATALOGING SOURCE
Original cataloging agency LBSOR
Language of cataloging eng
Description conventions rda
Transcribing agency LBSOR
Modifying agency EG-ScBUE
043 ## - GEOGRAPHIC AREA CODE
Geographic area code d------
082 04 - DEWEY DECIMAL CLASSIFICATION NUMBER
Classification number 332.491724
Edition number 22
Item number MON
245 00 - TITLE STATEMENT
Title Monetary economics in emerging and developing countries /
Statement of responsibility, etc Joshua Yindenaba Abor, Peter Quartey, Joseph G. Nellis and Lakshmy Subramanian.
264 #1 - PUBLICATION, DISTRIBUTION, ETC. (IMPRINT)
Place of publication, distribution, etc Abingdon, Oxon ;
-- New York, NY :
Name of publisher, distributor, etc Routledge,
Date of publication, distribution, etc 2025.
300 ## - PHYSICAL DESCRIPTION
Extent xviii, 319 pages ;
Dimensions 24 cm
336 ## - CONTENT TYPE
Content type term text
Content type code txt
Source rdacontent
337 ## - MEDIA TYPE
Media type term unmediated
Media type code n
Source rdamedia
338 ## - CARRIER TYPE
Carrier type term volume
Carrier type code nc
Source rdacarrier
504 ## - BIBLIOGRAPHY, ETC. NOTE
Bibliography, etc Includes bibliographical references and index.
505 0# - FORMATTED CONTENTS NOTE
Formatted contents note Introduction to monetary economics in emerging and developing countries -- Overview of the financial system -- The nature and role of money and payment systems -- Money supply -- Demand for money -- Monetary institutions in emerging and developing countries -- Conduct of monetary policy in developing countries -- Monetary policy and optimal fiscal policy in emerging and developing countries -- Financial markets and monetary policy -- Money, inflation and growth -- Exchange rate policy -- Financial crises, contagion and the role of monetary authority -- International financial system.
520 ## - SUMMARY, ETC.
Summary, etc "Monetary economics is concerned with the role of money in economic activities. The development of monetary theory and policy plays a significant role in the growth and development of various economies. This has far-reaching implications for various sectors of the economy through several channels including inflation, employment, interest rates, exchange rates, consumption, government spending, investment, and the level of economic activity. Much of the literature to-date has focused on developed economies. This book, however, is an essential guide to the monetary and economic systems of emerging and developing countries. The book contributes to the role of monetary policy in macroeconomic stabilization, examining the characteristics and recent developments in emerging and developing countries' monetary and economic systems, including lessons learned in monetary policy and the associated challenges, the role of building blocks of monetary theory, policy frameworks used in practice, especially, looking at why and how these issues are relevant in these economies. It provides theoretical underpinnings and critical issues relating to various aspects of monetary theory including the role of money, monetary systems, money supply, demand for money, central banking, monetary policy, and the instruments for its implementation in emerging and developing countries. Further, it presents relevant cases, illustrating the intricacies of the monetary systems in these countries. This invaluable resource elucidates the significant differences between developed and emerging and developing economies. It contributes to the field by providing a comprehensive understanding of monetary economics for students, scholars, researchers, policymakers, and monetary and economic policy practitioners"--
Assigning source Provided by publisher.
650 #7 - SUBJECT ADDED ENTRY--TOPICAL TERM
Topical term or geographic name as entry element Monetary policy
Geographic subdivision Developing countries.
Source of heading or term BUEsh
650 #7 - SUBJECT ADDED ENTRY--TOPICAL TERM
Topical term or geographic name as entry element Money
Geographic subdivision Development countries.
Source of heading or term BUEsh
653 ## - INDEX TERM--UNCONTROLLED
Arrived date list February2025
Resource For college BAEPS, Economics
655 ## - INDEX TERM--GENRE/FORM
Form subdivision Reading book
700 1# - ADDED ENTRY--PERSONAL NAME
Personal name Abor, Joshua Yindenaba,
Relator term author.
700 1# - ADDED ENTRY--PERSONAL NAME
Personal name Quartey, Peter,
Relator term author.
700 1# - ADDED ENTRY--PERSONAL NAME
Personal name Nellis, Joseph G.,
Relator term author.
700 1# - ADDED ENTRY--PERSONAL NAME
Personal name Subramanian, Lakshmy,
Relator term author.
776 08 - ADDITIONAL PHYSICAL FORM ENTRY
Display text Online version:
Main entry heading Abor, Joshua Yindenaba.
Title Monetary economics in emerging and developing countries
Place, publisher, and date of publication Abingdon, Oxon ; New York, NY : Routledge, 2025
International Standard Book Number 9781003504399
Record control number (DLC) 2024030869
906 ## - LOCAL DATA ELEMENT F, LDF (RLIN)
a 7
b cbc
c orignew
d 1
e ecip
f 20
g y-gencatlg
942 ## - ADDED ENTRY ELEMENTS (KOHA)
Source of classification or shelving scheme Dewey Decimal Classification
Koha item type Book - Borrowing
Holdings
Withdrawn status Lost status Source of classification or shelving scheme Damaged status Not for loan Collection code Home library Current library Shelving location Date acquired Cost, normal purchase price Serial Enumeration / chronology Total Checkouts Full call number Barcode Date last seen Cost, replacement price Price effective from Koha item type
    Dewey Decimal Classification     Alahram Central Library Central Library First floor 23/02/2025 2159.00 147   332.491724 MON 000057267 15/07/2025 2699.00 23/02/2025 Book - Borrowing